000
00218 a2200097 4500
001
49391
100
_a
Foran, W Rosere
245
_a
A Hunter's Saga
260
_a
London
_b
Robere Hale Limited
_c
090
_c
31929
_d
31929
942
_a
NUST-CAE
_c
M
_c
24368
999
_c
284464
_d
284464